000 01464nam0a2200337 4500
001 RU\NLR\BIBL_A\022669893
005 20260305104621.0
010 _a978-5-7992-1210-0
_9130
021 _aRU
_bКН-П-25-058680
_9КН-П-25-5654
035 _a(NLR Aleph) 022669893
090 _a13555710
_c13555710
100 _a20251120d2025 u y0rusy50 ca
101 0 _arus
102 _aRU
105 _aa|||z|||000gy
181 0 _ai3
_baxxe
181 0 _ab1
_bbb2e
182 0 _an
200 1 _aУ времени привала нет
_eстихотворения
_fЕкатерина Шевелёва
_g[художник-дизайнер: Дядькова Светлана Сергеевна]
203 _aТекст
_aИзображение
_bвизуальные
_cнепосредственные
210 _aМайкоп
_cПолиграф-Юг
_d2025
215 _a97, [1] с.
_cил.
_d17
327 1 _aСодерж.: циклы: Дань памяти; Калейдоскоп времён года; С любовью по жизни; Философия
686 2 _aШ6(2=Р)8-5
700 1 _aШевелёва
_bЕ. Н.
_cпоэт
_f1961-
_gЕкатерина Николаевна
_3RU\NLR\AUTH\770249395
702 1 _aДядькова
_bС. С.
_gСветлана Сергеевна
_4040
942 _cBOOK
980 _aNB